Astroblepus martinez y Astroblepus jimenezae: (Registro nro. 8802)

Detalles MARC
000 -CABECERA
Campo de control 00822nam a22002297a 4500
005 - FECHA Y HORA DE LA ULTIMA TRANSACCION
Campo de control 20191224041950.0
008 - ELEMENTOS DE LONGITUD FIJA—INFORMACION GENERAL
Campo de control 151114b2013 ck ||||| |||| 00| 0 spa d
040 ## - FUENTE DE CATALOGACIÓN
Agencia catalogadora original CO-BoIAVH
Agencia transcriptora CO-BoIAVH
041 ## - IDIOMA
Código de idioma para texto/pista de sonido o título separado Español
044 ## - PAÍS DE PUBLICACIÓN
País de publicación Colombia
082 04 - NUMERO DE CLASIFICACION DECIMAL DEWEY
Número de clasificación 333.956
Número del ítem A65a2
100 1# - ASIENTO PRINCIPAL--NOMBRE PERSONAL
Nombre personal Ardila-Rodríguez, Carlos A.
9 (RLIN) 953
245 10 - MENCION DE TITULO
Título Astroblepus martinez y Astroblepus jimenezae:
Parte restante del título Dos nuevas especies del Río Sinú y Río Atrato, Colombia
260 ## - PUBLICACION, DISTRIBUCION, ETC. (PIE DE IMPRENTA)
Lugar de publicación, distribución, etc. Barranquilla :
Nombre del editor, distribuidor, etc. Universidad Metropolitana de Barranquilla,
Fecha de publicación, distribución, etc. 2013
300 ## - DESCRIPCION FISICA
Extensión 16 p.
Otros detalles físicos il., mapas.
Dimensiones 27 cm.
650 #4 - ASIENTO SECUNDARIO DE MATERIA - TERMINO TEMATICO
Término temático o nombre geográfico como elemento de entrada Astroblepus martinezi
9 (RLIN) 28712
650 #4 - ASIENTO SECUNDARIO DE MATERIA - TERMINO TEMATICO
Término temático o nombre geográfico como elemento de entrada Astroblepus jimenezae
9 (RLIN) 28713
650 #4 - ASIENTO SECUNDARIO DE MATERIA - TERMINO TEMATICO
Término temático o nombre geográfico como elemento de entrada Biodiversidad marina
9 (RLIN) 3747
650 #4 - ASIENTO SECUNDARIO DE MATERIA - TERMINO TEMATICO
Término temático o nombre geográfico como elemento de entrada Peces
Subdivisión general aguas caudalosas
9 (RLIN) 80658
650 #4 - ASIENTO SECUNDARIO DE MATERIA - TERMINO TEMATICO
Término temático o nombre geográfico como elemento de entrada Pequeños bagres
Subdivisión geográfica Colombia,
-- Rio Sinú,
-- Rio Atrato,
9 (RLIN) 80659
942 ## - ELEMENTOS ADICIONALES (KOHA)
Sistema de clasificación Dewey Decimal Classification
Tipo de ítem Libro
Existencias
Withdrawn status Lost status Sistema de Clasificación Damaged status No para préstamo Colección Inventariado Ubicación Permanente Ubicación actual Fecha de adquisición Fuente de Valor Valor Total Checkouts Número topográfico Inventario / Código de Barras Date last seen Ejemplar Price effective from Forma de adquisición Tipo de material
    Dewey Decimal Classification     General Inventariado 2017 Bogotá Bogotá 15/11/2014 Instituto 39000.00   LB-333.956 A65a2 038433 15/11/2014 Ej. 1 15/11/2014 Canje Libro